| 000 | 01257nam a2200337 a 4500 | ||
|---|---|---|---|
| 001 | 33608 | ||
| 003 | BD-RjUL | ||
| 005 | 20211209052032.0 | ||
| 008 | 140510s1986 cauaf b 001 0 eng | ||
| 020 | _a0803923988 | ||
| 020 | _a0803923996 (pbk.) | ||
| 035 | _a(BD-RjUL)33699 | ||
| 040 |
_aDLC _cDLC _dDLC _dBD-RjUL _beng |
||
| 041 | _aeng | ||
| 082 | 0 | 0 |
_a303.375 _219 _bJOP 1986 |
| 100 | 1 |
_aJowett, Garth. _9102012 |
|
| 245 | 1 | 0 |
_aPropaganda and persuasion / _cby Garth S. Jowett and Victoria O'Donnell. |
| 260 |
_aNewbury Park, Calif. : _bSage, _cc1986. |
||
| 300 |
_a236 p., [8] p. of plates : _bill. ; _c23 cm. |
||
| 504 | _aBibliography: p. 219-225 & Includes index.. | ||
| 650 | 0 |
_aPropaganda. _9102014 |
|
| 650 | 0 |
_aPersuasion (Psychology) _97285 |
|
| 700 | 1 |
_aO'Donnell, Victoria. _9102015 |
|
| 856 | 4 | 2 |
_3Publisher description _uhttp://www.loc.gov/catdir/enhancements/fy0654/85030441-d.html |
| 856 | 4 | 1 |
_3Table of contents only _uhttp://www.loc.gov/catdir/enhancements/fy0654/85030441-t.html |
| 856 | 4 | 2 |
_3Contributor biographical information _uhttp://www.loc.gov/catdir/enhancements/fy0734/85030441-b.html |
| 942 |
_2ddc _cBK |
||
| 999 |
_c33608 _d33608 |
||